| 000 | 00575cam a2200217 4500 | ||
|---|---|---|---|
| 001 | 1243724 | ||
| 005 | 20180307074745.0 | ||
| 008 | 720925s1972 ctua b 001 0 eng | ||
| 010 | _a 72079294 | ||
| 020 | _a0870551248 | ||
| 040 |
_aDLC _cDLC _dDLC |
||
| 041 | _aeng | ||
| 080 | _a631.3 all | ||
| 082 | 0 | 0 | _a631.3 all |
| 100 | 1 | _a27 | |
| 101 | _amec | ||
| 245 | 1 | 0 |
_aPrinciples of farm machinery, _cby R. A. Kepner, Roy Bainer [and] E. L. Barger. |
| 504 | _aIncludes bibliographies. | ||
| 906 |
_a7 _bcbc _corignew _d2 _eopcn _f19 _gy-gencatlg |
||
| 942 |
_2ddc _cBK |
||
| 999 |
_c44314 _d44314 |
||